000 00683nam a2200205 i 4500
001 57880
003 ES-MaACL
005 20230906163654.0
007 t|
008 031020s1968 sp ||||1| spa d
100 1 _aDuby, Georges.
_945797
245 1 0 _aEconomía rural y vida campesina en el occidente medieval /
_cGeorges Duby ; [traduccion de Jaime Torras Elías].
250 _a[1ª ed.].
260 _a[Barcelona] :
_bPenínsula,
_c[1968]
300 _a546 p. ;
_c20 cm.
650 4 _aAgricultura-
_zEuropa-
_yS.V-XV.
_9156507
651 4 _aEuropa-
_xSituación económica-
_yS.V-XV.
_9156508
700 1 _aTorras Elías, Jaime.
_9110724
852 _aES-MaACL
_jC-34709
_bR.67214
999 _c57880
_d57880